PAKISTAN ARMY GREEN BOOK (Record no. 589449)
[ view plain ]
| 000 -LEADER | |
|---|---|
| fixed length control field | 00293nam a22001337a 4500 |
| 003 - CONTROL NUMBER IDENTIFIER | |
| control field | NUST |
| 038 ## - RECORD CONTENT LICENSOR | |
| Staff Name | Muhammad Ibrahim |
| 082 ## - DEWEY DECIMAL CLASSIFICATION NUMBER | |
| Classification number | 355.0095491 |
| Author Mark | PAK 2010 |
| 245 ## - TITLE STATEMENT | |
| Title | PAKISTAN ARMY GREEN BOOK |
| Statement of responsibility, etc. | GHQ |
| 260 ## - PUBLICATION, DISTRIBUTION, ETC. | |
| Place of publication, distribution, etc. | Rawalpindi |
| Name of publisher, distributor, etc. | GHQ |
| Date of publication, distribution, etc. | 2010 |
| 300 ## - PHYSICAL DESCRIPTION | |
| Extent | 238 |
| 563 ## - BINDING INFORMATION | |
| Binding note | P.B |
| 942 ## - ADDED ENTRY ELEMENTS (KOHA) | |
| Koha item type | Book |
| Source of classification or shelving scheme | |
| Withdrawn status | Lost status | Source of classification or shelving scheme | Damaged status | Not for loan | Permanent Location | Current Location | Shelving location | Date acquired | Total Checkouts | Full call number | Barcode | Date last seen | Price effective from | Koha item type |
|---|---|---|---|---|---|---|---|---|---|---|---|---|---|---|
| Centre for International Peace & Stability (CIPS) | Centre for International Peace & Stability (CIPS) | General Stacks | 04/14/2022 | 355.0095491 PAK 2010 | CIPSD0000717 | 04/28/2022 | 04/28/2022 | Book |
